01495nab a22002657a 4500999001500000003000400015005001700019008004100036040000700077100003800084245008300122260007200205300001300277500003500290505039300325505014400718505008900862650002300951650002800974650002001002650003401022650003001056773013001086942001301216 c5529d5529OSt20251215122038.0190502c xxu||||| |||| 00| 0 spa d cPJ 96481aFounburg, Mariano Nicolás10aSiniestros de tránsito con resultados dolosos /cMariano Nicolás Founburg. aCiudad Autónoma de Buenos Aires :bThomson Reuters La Ley,c2025. ap. 23-31 aCita Online: AR/DOC/2646/2025. aSumario: I. Reseña del caso.— II. Dolo eventual o culpa consciente. ¿Cómo distinguirlos?— III. El dolo en el Cód. Penal argentino.— IV. El rol del elemento volitivo en el caso "V.".— V. Consideraciones sobre el fallo del Tribunal Oral. — VI. Consideraciones sobre la solución final.— VII. La conducción antirreglamentaria en nuestro país y la ley penal aplicable. aFallo comentado: CNCasCrim. y Correc., sala I ~ 14/03/2023 ~ S.,S. y otros c. V., E. D. y otro s/ homicidio simple y lesiones gravísimas. t¿Te interesa el texto completo? Solicitalo al correo: koha@justierradelfuego.gov.ar 09343aDERECHO PENAL 0aHOMICIDIO CULPOSO92943 0aLESIONES 92950 0aACCIDENTE DE TRÁNSITO92762 0aEXCESO DE VELOCIDAD965100 0272993180dBuenos Aires : LexisNexis, 2006-tRevista de derecho penal y procesal penal. Nº 12 - Diciembre 2025z9875920622 2udccANA